مكتبة جامعة عجلون الوطنية

فهرس بحث المكتبة

Normal view MARC view
  • اليهود- انجلترا- العصور الوسطى-تاريخ 1066-1290 م

Entry Topical Term

Number of records used in: 1

001 - CONTROL NUMBER

  • control field: 38750

003 - CONTROL NUMBER IDENTIFIER

  • control field: JO-AjAnu

005 - DATE AND TIME OF LATEST TRANSACTION

  • control field: 20230606080442.0

008 - FIXED-LENGTH DATA ELEMENTS

  • fixed length control field: 230606|| aca||aabn | a|a d

040 ## - CATALOGING SOURCE

  • Original cataloging agency: JO-AjAnu
  • Transcribing agency: JO-AjAnu

150 ## - HEADING--TOPICAL TERM

  • Topical term or geographic name entry element: اليهود- انجلترا- العصور الوسطى-تاريخ 1066-1290 م

670 ## - SOURCE DATA FOUND

  • Source citation: Work cat.: (JO-AjAnu)19874: تاليف عبد القوى، زينب عبد المجيد, author 38749, اليهود في إنجلترا العصور الوسطى 1066-1290 م